| 000 | 00365nam a2200121Ia 4500 | ||
|---|---|---|---|
| 008 | 220204s9999 xx 000 0 und d | ||
| 082 | _bGAN | ||
| 100 | _aGANGADHARAN, A | ||
| 245 | 0 | _aGangadharan's the minimum wages act: With central and Kerala rules and notifications | |
| 260 |
_aCochin _bKV Krishnan Memorial _c1975 |
||
| 650 | _aMinimum wages act | ||
| 942 | _cBK | ||
| 999 |
_c23603 _d23603 |
||